=LDR 00000nam 2200000 4500 =001 INLIS000000000010639 =005 20130612102255 =008 ***********************************Ind** =035 ##$$0010-061300000010639 =041 ##$$a Ind =082 ##$$a 784.7 =090 ##$$a 784.7, Rah l =100 ##$$a RAHARJO, Slamet =245 ##$$a Lagu wajib dan Nasional =260 ##$$a 2001 $b Semarang =300 ##$$a vi, 72 hlm, ilus, 21 cm =650 ##$$a Nyanyian Nasional Indonesia =850 ##$$a NBPNMAT